01087nam a2200265Ia 4500001000600000003000900006008004100015040001300056040001300069041001300082100001800095100002900113245003700142245003700179250001100216260000900227260003000236260004900266300005500315500034600370650002800716650003100744700001800775700002800793A9325IT-RoPAU130308s9999 xx 000 0 und d aIT-RoPAU cIT-RoPAU aITALIANO aRodari Gianni gCodice Aut. SPICS: 1967 aFavole al telefono (trattamento) bFavole al telefono (Trattamento) a1a ed. aROMA bSampaolo Film Audiovisivi c1980 [1° Ed.:1980 - Ed.Ling.Originale:1980] a"139 p. (prefazione: 3; testo: 136 [pagine: 0-0])" aTrattamento delle Singole Favole:1. la Guerra delle Campane.2. la strada che Non Andava in nessun Posto.3. Ascensore per le Stelle.4. Il Re Mida.5. Il palazzo di Gelato.6. Uno e Sette.7. L'Autobus N. 75.8. l'uomo che Rubava Il Colosseo.9. Il Tamburirno Magico.10. Il Semaforo Blu.11. a toccare Il Naso del Re.12. Il Naso che Scappa. aAUTORI/OPERE DEL CINEMA eCodice materia Spics: 6807 aGuerra Tonino gCodice Aut. SPICS: 5721